|
|
|
|
| LEADER |
00000nab a2200000 a 4500 |
| 001 |
vtls011713127 |
| 003 |
SK-MaSNL |
| 005 |
20260318132817.0 |
| 008 |
171002c20171002xo d| | 00 0|2hun |
| 015 |
|
|
|a SNBRB2017/10
|
| 038 |
|
|
|a DSZK
|
| 040 |
|
|
|a DSZK
|b slo
|c DSZK
|e AACR2
|
| 041 |
0 |
|
|a hun
|
| 044 |
|
|
|a xo
|c SK
|
| 080 |
|
|
|a 796.332.093.42
|x (437.6)
|2 2011
|
| 100 |
1 |
|
|a Szilvássy, József,
|d 1946-
|4 aut
|9 18091
|
| 245 |
1 |
0 |
|a Unalmas egy óra után huszáros hajrá Somorján
|c Szilvássy József
|
| 300 |
|
|
|b Fotogr.
|
| 610 |
2 |
7 |
|a FC ŠTK 1914 Šamorín
|2 dszk
|9 1097032
|
| 610 |
2 |
7 |
|a MFK Tatran Liptovský Mikuláš
|2 dszk
|9 512289
|
| 650 |
0 |
7 |
|a futbalové zápasy
|2 SNKPH
|9 71116
|
| 651 |
|
7 |
|a Šamorín (Slovensko)
|2 SNKPH
|9 28925
|
| 651 |
|
7 |
|a Liptovský Mikuláš (Slovensko)
|2 SNKPH
|9 36847
|
| 773 |
0 |
|
|t Új szó
|g Évf. 70, sz. 226 (2017.10.2), o. 18
|x 1335-7050
|
| 852 |
|
|
|a DSZK
|b KIS3GCP
|
| 958 |
|
|
|a HU
|
| 958 |
|
|
|a SK
|
| 999 |
|
|
|c 2079197
|d 2081127
|